|
|
|
|
| LEADER |
00000cam a2200000 7i4500 |
| 001 |
0000039654 |
| 005 |
20140101.0 |
| 008 |
140101 |
| 020 |
|
|
|a 9834425210
|
| 090 |
0 |
0 |
|a 899.2313
|b PAN
|
| 245 |
1 |
0 |
|a Pantun warisan rakyat
|
| 260 |
|
|
|a K.L :
|b JKKN ,
|c 2008
|
| 650 |
|
0 |
|a Malaysia
|x pantun
|
| 650 |
|
0 |
|a Pantun
|x history
|
| 999 |
|
|
|a 0001260682
|b Book
|c Adult Collection
|e Cawangan Tmn. Ungku Tun Aminah
|
| 999 |
|
|
|a 0001260683
|b Book
|c Adult Collection
|e Cawangan Segamat
|
| 999 |
|
|
|a 0001260685
|b Book
|c Adult Collection
|e Cawangan AEON Kulaijaya
|
| 999 |
|
|
|a 0001260687
|b Book
|c Adult Collection
|e Cawangan Mersing
|
| 999 |
|
|
|a 0001260689
|b Book
|c Adult Collection
|e Cawangan Bandar Tenggara
|
| 999 |
|
|
|a 0001260691
|b Book
|c Adult Collection
|e Cawangan Bandar Penawar
|
| 999 |
|
|
|a 0001260692
|b Book
|c Adult Collection
|e Cawangan Taman Sri Lambak
|
| 999 |
|
|
|a 0001261768
|b Book
|c Adult Collection
|e Perbadanan Perpustakaan Awam Johor
|
| 999 |
|
|
|a 0001442181
|b Book
|c Adult Collection
|e Cawangan Tmn. Ungku Tun Aminah
|
| 999 |
|
|
|a 0001695605
|b Book
|c Adult Collection
|e Cawangan Bandar Penawar
|